Statystyki dla 15 krajów o największej liczbie zgonów Covid19 - 4 stycznia

Kliknij tutaj aby rozwiązać quiz!

Ogólne statystyki

  • Ten quiz został rozwiązany 19 razy
  • Średni wynik to 13 z 23

Statystyki odpowiedzi

kraj% Poprawnych
Stany Zjednoczone
100%
Rosja
94%
Włochy
94%
Francja
89%
Hiszpania
89%
Brazylia
83%
Argentyna
72%
Meksyk
72%
Niemcy
72%
Indie
67%
Wielka Brytania
67%
Kolumbia
50%
Belgia
44%
Peru
44%
Czechy
39%
Iran
33%
Węgry
33%
Słowenia
28%
Chorwacja
22%
Republika
Południowej Afryki
22%
Bośnia i Hercegowina
17%
Bułgaria
11%
Macedonia Północna
11%

Rozkład punktacji

Percentyl według liczby udzielonych odpowiedzi

Procent ludzi z każdym wynikiem

Twoja historia wyników

Nie rozwiązałeś tego quizu